| 000 | 01090nam a22002055i 4500 | ||
|---|---|---|---|
| 001 | 154620 | ||
| 003 | ES-MaACL | ||
| 005 | 20230906205810.0 | ||
| 008 | 980605m18901903ec f |||| | spa d | ||
| 100 | 1 |
_aGonzález Suárez, Federico. _9127430 |
|
| 245 | 1 | 0 |
_aHistoria general de la República del Ecuador / _cescrita por Federico González Suárez. |
| 260 |
_aQuito : _b[s.n.], _c1890-1903 ( _fImp. del Clero) |
||
| 300 |
_a4 v. ; _c28 cm. |
||
| 505 | 8 | _aContiene: I. Tiempos antiguos o El Ecuador antes de la conquista (XV, 318 p.) - II. El descubrimiento y la conquista (1513-1564) (463 p.) - III-IV. La colonia o El Ecuador durante el gobierno de los reyes de España (1564-1809) (480 ; 487 p.) | |
| 530 | _aDisponible en formato digital la obra completa (9 v.) | ||
| 651 | 4 |
_aEcuador- _xHistoria. _98134 |
|
| 852 | 4 |
_aES-MaACL _jF-8491-94 _z- Enc. pasta española |
|
| 856 | 4 |
_uhttp://bdh-rd.bne.es/viewer.vm?id=0000149247&page=1 _zBiblioteca Digital Hispánica |
|
| 856 | 4 |
_uhttps://bibliotecadigital.aecid.es/bibliodig/es/consulta/registro.do?id=670 _zBiblioteca Digital AECID |
|
| 999 |
_c154620 _d154620 |
||